La Divina Comedia

Պահպանված է:
Մատենագիտական մանրամասներ
Հիմնական հեղինակ: Alighieri, Dante
Ձևաչափ: Գիրք
Լեզու:Undetermined
Հրապարակվել է: [s.l.] [s.n.] [s.f.]
Խորագրեր:
Ցուցիչներ: Ավելացրեք ցուցիչ
Չկան պիտակներ, Եղեք առաջինը, ով նշում է այս գրառումը!

MARC

LEADER 00000nam a2200000Ia 4500
008 170316s9999 xx 000 0 und d
999 |c 8098  |d 8098 
040 |a cru BVZT 
090 |a 850 A-3d 
100 |a Alighieri, Dante 
245 |a La Divina Comedia  |c / Dante Alighieri 
260 |a [s.l.]  |b [s.n.]  |c [s.f.] 
300 |a 1156 páginas 
650 |a LITERATURA ITALIANA  |9 212 
942 |c 15 D  |h 850 A-3d  |2 z